[Event "Vaxjo op"]
[Site "Vaxjo"]
[Date "2024.02.09"]
[Round "3"]
[White "Ostlund, Joar"]
[Black "Evertsson, Lennart"]
[Result "1-0"]
[WhiteElo "2327"]
[BlackElo "2062"]
[PlyCount "41"]
[EventDate "2024.02.09"]
[EventType "swiss"]
[EventRounds "8"]
[EventCountry "SWE"]
[SourceTitle "CB07_2024"]
[SourceDate "2024.02.14"]
[SourceVersion "1"]
[SourceVersionDate "2024.02.14"]
[SourceQuality "1"]

1. d4 Nf6 2. c4 e6 3. Nf3 c5 4. d5 b5 5. e4 Nxe4 6. Bd3 Nf6 7. Nc3 Bb7 8. 0-0 Be7 9. Bf4 b4 10. Nb5 d6 11. dxe6 fxe6 12. Ng5 e5 13. Ne6 Qd7 14. Nbc7+ Kf7 15. Bg5 Nc6 16. Bf5 g6 17. Bxf6 Kxf6 18. Nd5+ Kxf5 19. Ng7+ Kg5 20. Qd2+ Kh4 21. Qh6+ 1-0

[Event "Stockholm Elite Hotels GP"]
[Site "Stockholm"]
[Date "2023.11.04"]
[Round "5"]
[White "Akesson, Ralf"]
[Black "Evertsson, Lennart"]
[Result "1-0"]
[WhiteElo "2386"]
[BlackElo "2083"]
[PlyCount "78"]
[EventDate "2023.11.03"]
[EventType "swiss"]
[EventRounds "8"]
[EventCountry "SWE"]
[SourceTitle "Mega2024 Update 01"]
[Source "Chessbase"]
[SourceDate "2023.11.12"]
[SourceVersion "1"]
[SourceVersionDate "2023.11.12"]
[SourceQuality "1"]

1. Nf3 d5 2. d4 Nf6 3. c4 c6 4. e3 Bf5 5. Nc3 e6 6. Nh4 Bg4 7. Qb3 Qb6 8. h3 Bh5 9. g4 Qxb3 10. axb3 Bg6 11. Nxg6 hxg6 12. g5 Ng8 13. c5 Nd7 14. b4 Be7 15. f4 Bd8 16. b5 Ne7 17. b4 f6 18. bxc6 bxc6 19. b5 Kf7 20. Rh2 cxb5 21. Nxb5 Nc6 22. Nd6+ Ke7 23. Rb2 Ba5+ 24. Bd2 Bxd2+ 25. Kxd2 Rab8 26. Rxb8 Ndxb8 27. Rb1 e5 28. Rb7+ Ke6 29. dxe5 fxe5 30. Be2 Rh4 31. Bg4+ Rxg4 32. hxg4 exf4 33. exf4 d4 34. Rxg7 Kd5 35. Rxg6 a5 36. Rg8 a4 37. g6 Nd7 38. g7 Kxc5 39. Ne4+ Kd5 1-0

[Event "Stockholm Elite Hotels GP"]
[Site "Stockholm"]
[Date "2023.11.03"]
[Round "3"]
[White "Wallace, John Paul"]
[Black "Evertsson, Lennart"]
[Result "1-0"]
[WhiteElo "2368"]
[BlackElo "2083"]
[PlyCount "39"]
[EventDate "2023.11.03"]
[EventType "swiss"]
[EventRounds "8"]
[EventCountry "SWE"]
[SourceTitle "Mega2024 Update 01"]
[Source "Chessbase"]
[SourceDate "2023.11.12"]
[SourceVersion "1"]
[SourceVersionDate "2023.11.12"]
[SourceQuality "1"]

1. Nf3 d5 2. g3 c5 3. Bg2 Nc6 4. d4 Nf6 5. 0-0 Bf5 6. c4 dxc4 7. Qa4 Qd7 8. dxc5 Rc8 9. Nc3 e5 10. Rd1 Qe7 11. Be3 Be6 12. Nb5 Nd5 13. Nd6+ Kd8 14. Ng5 Nxe3 15. fxe3 Kc7 16. Nxe6+ Qxe6 17. Bxc6 bxc6 18. Nb5+ cxb5 19. Qxa7+ Kc6 20. Qb6# 1-0

[Event "Hasselbacken op"]
[Site "Stockholm"]
[Date "2018.11.04"]
[Round "8"]
[White "Evertsson, Lennart"]
[Black "Pantzar, Milton"]
[Result "0-1"]
[WhiteElo "2145"]
[BlackElo "2314"]
[PlyCount "96"]
[EventDate "2018.11.02"]
[EventType "swiss"]
[EventRounds "8"]
[EventCountry "SWE"]
[SourceTitle "CBM 187 Extra"]
[Source "ChessBase"]
[SourceDate "2018.11.04"]
[SourceVersion "1"]
[SourceVersionDate "2018.11.04"]
[SourceQuality "1"]

1. e4 e5 2. Nf3 Nc6 3. Bc4 Nf6 4. d3 h6 5. Nc3 d6 6. Be3 Na5 7. Bb5+ c6 8. Ba4 b5 9. Bb3 Be7 10. h3 0-0 11. g4 d5 12. exd5 cxd5 13. d4 exd4 14. Nxd4 Bb7 15. Rg1 b4 16. Nce2 Ne4 17. Nf5 Bf6 18. Ned4 Nc4 19. Bxc4 dxc4 20. h4 Re8 21. g5 hxg5 22. Qg4 Bxd4 23. Nxd4 Qxd4 24. Bxd4 Nf6+ 25. Qe2 Bf3 26. Qxe8+ Rxe8+ 27. Kf1 Ne4 28. Ke1 Nd6+ 29. Kd2 Re2+ 30. Kc1 Nf5 31. Bxa7 gxh4 32. c3 h3 33. Bb8 bxc3 34. bxc3 Rxf2 35. Rb1 Rxa2 36. Rb2 Ra1+ 37. Rb1 Ra3 38. Rb5 Rxc3+ 39. Kb2 Rb3+ 40. Rxb3 cxb3 41. Kxb3 Bg2 42. Rc1 Nd4+ 43. Kc4 Nf3 44. Rc2 g5 45. Kc5 f5 46. Re2 f4 47. Re8+ Kf7 48. Rh8 h2 0-1

[Event "Rilton Cup 47th"]
[Site "Stockholm"]
[Date "2018.01.02"]
[Round "6"]
[White "Evertsson, Lennart"]
[Black "Harshini, A."]
[Result "0-1"]
[WhiteElo "2211"]
[BlackElo "2189"]
[PlyCount "158"]
[EventDate "2017.12.27"]
[EventType "swiss"]
[EventRounds "9"]
[EventCountry "SWE"]
[SourceTitle "CBM 182 Extra"]
[Source "ChessBase"]
[SourceDate "2018.02.23"]
[SourceVersion "1"]
[SourceVersionDate "2018.02.23"]
[SourceQuality "1"]

1. c4 e5 2. Nc3 Nf6 3. g3 d5 4. cxd5 Nxd5 5. Bg2 Nb6 6. Nf3 Nc6 7. 0-0 Be7 8. d3 0-0 9. a3 f5 10. b4 Bf6 11. Qb3+ Kh8 12. Bb2 Qe7 13. Nd2 Be6 14. Qd1 a6 15. Nb3 Bxb3 16. Qxb3 Nd4 17. Qa2 c6 18. e3 Ne6 19. Rfe1 Qf7 20. Rad1 Rad8 21. Ba1 Kg8 22. Qe2 g6 23. Rb1 Bg7 24. a4 f4 25. Qc2 Ng5 26. Ne4 Nxe4 27. Bxe4 fxg3 28. fxg3 Rd6 29. Rf1 Rf6 30. Rxf6 Qxf6 31. Bg2 Qg5 32. Re1 Qe7 33. Qb3+ Qf7 34. Qxf7+ Rxf7 35. b5 axb5 36. axb5 cxb5 37. Bc3 Rd7 38. Ba5 Nd5 39. Kf2 b4 40. Ke2 Bf8 41. Kd2 Bc5 42. Bxd5+ Rxd5 43. e4 Be3+ 44. Kxe3 Rxa5 45. Rb1 Rb5 46. Rb3 Kf7 47. d4 exd4+ 48. Kxd4 Ke6 49. Kc4 Rb6 50. Kc5 Rc6+ 51. Kd4 Rd6+ 52. Ke3 Rb6 53. Kd4 Kd6 54. g4 g5 55. e5+ Ke6 56. Rf3 Rb5 57. Rf6+ Ke7 58. Kc4 Rxe5 59. Rh6 Re4+ 60. Kd5 Rxg4 61. Rxh7+ Kf6 62. Rxb7 Rh4 63. h3 Rxh3 64. Rxb4 Re3 65. Rb8 Kf5 66. Rf8+ Kg4 67. Kd4 Re7 68. Rg8 Kf4 69. Rf8+ Kg3 70. Rg8 g4 71. Kd3 Kf3 72. Rf8+ Kg2 73. Rg8 g3 74. Rg6 Kf2 75. Rf6+ Kg1 76. Rg6 g2 77. Kd2 Rh7 78. Ke2 Kh2 79. Kf2 g1Q+ 0-1

[Event "Rilton Cup 47th"]
[Site "Stockholm"]
[Date "2018.01.01"]
[Round "5"]
[White "Evertsson, Lennart"]
[Black "Crevatin, Leo"]
[Result "0-1"]
[WhiteElo "2211"]
[BlackElo "2114"]
[PlyCount "74"]
[EventDate "2017.12.27"]
[EventType "swiss"]
[EventRounds "9"]
[EventCountry "SWE"]
[SourceTitle "CBM 182 Extra"]
[Source "ChessBase"]
[SourceDate "2018.02.23"]
[SourceVersion "1"]
[SourceVersionDate "2018.02.23"]
[SourceQuality "1"]

1. e4 c5 2. Nf3 Nc6 3. Bb5 d6 4. 0-0 Bd7 5. Re1 Nf6 6. Nc3 e5 7. Bxc6 Bxc6 8. d3 h6 9. Ne2 g6 10. a4 Bg7 11. Ng3 0-0 12. Bd2 a5 13. Nf1 Ne8 14. Bc3 f5 15. N1d2 Kh7 16. Nc4 b6 17. Nfd2 Nf6 18. f3 Qc7 19. Nf1 Rae8 20. Ra3 d5 21. exd5 Nxd5 22. Bd2 Rd8 23. Ng3 Nb4 24. Qc1 Rfe8 25. Rf1 Nd5 26. Ne2 e4 27. fxe4 fxe4 28. Bf4 Nxf4 29. Qxf4 Qxf4 30. Nxf4 exd3 31. Rxd3 Bd4+ 32. Kh1 g5 33. c3 gxf4 34. cxd4 Re2 35. Rfd1 Bxg2+ 36. Kg1 Rg8 37. Rc3 f3 0-1

[Event "Rilton Cup 47th"]
[Site "Stockholm"]
[Date "2017.12.29"]
[Round "3"]
[White "Ziegler, Ari"]
[Black "Evertsson, Lennart"]
[Result "1-0"]
[WhiteElo "2330"]
[BlackElo "2211"]
[PlyCount "115"]
[EventDate "2017.12.27"]
[EventType "swiss"]
[EventRounds "9"]
[EventCountry "SWE"]
[SourceTitle "CBM 182 Extra"]
[Source "ChessBase"]
[SourceDate "2018.02.23"]
[SourceVersion "1"]
[SourceVersionDate "2018.02.23"]
[SourceQuality "1"]

1. e4 c5 2. Nf3 e6 3. d4 cxd4 4. Nxd4 a6 5. Nc3 Qc7 6. g3 Nf6 7. Bg2 d6 8. 0-0 Be7 9. Be3 Bd7 10. Qe2 Nc6 11. Nb3 Ne5 12. Rad1 0-0 13. f4 Nc4 14. Bc1 Rad8 15. g4 Be8 16. g5 Nd7 17. f5 Nce5 18. Bh3 b5 19. fxe6 Nb6 20. Nd4 Qb7 21. exf7+ Bxf7 22. Ne6 Qc8 23. Nd5 Nxd5 24. exd5 Bg6 25. c3 Rxf1+ 26. Qxf1 Re8 27. Be3 Qb7 28. Bg2 Bd8 29. Bd4 Bb6 30. Kh1 Bxd4 31. cxd4 Nc4 32. Qf2 Nb6 33. Qf4 Qe7 34. Rc1 Rc8 35. Rxc8+ Nxc8 36. Qc1 Na7 37. b4 Bf5 38. Qc7 Qxc7 39. Nxc7 Kf7 40. h4 Bc8 41. Be4 h6 42. Kg2 hxg5 43. hxg5 Bb7 44. Kg3 Nc8 45. Ne6 Ba8 46. g6+ Kg8 47. Nc7 Bb7 48. Kf4 Nb6 49. Kf5 Bc8+ 50. Kg5 Kf8 51. Bf5 Bb7 52. Be6 Nc4 53. Bd7 Nb6 54. Bc6 Bc8 55. Ne6+ Kg8 56. Be8 Nxd5 57. Bf7+ Kh8 58. Nxg7 1-0

[Event "Rilton Cup 47th"]
[Site "Stockholm"]
[Date "2017.12.28"]
[Round "2"]
[White "Evertsson, Lennart"]
[Black "Fenil, Shah"]
[Result "0-1"]
[WhiteElo "2211"]
[BlackElo "2324"]
[PlyCount "100"]
[EventDate "2017.12.27"]
[EventType "swiss"]
[EventRounds "9"]
[EventCountry "SWE"]
[SourceTitle "CBM 182 Extra"]
[Source "ChessBase"]
[SourceDate "2018.02.23"]
[SourceVersion "1"]
[SourceVersionDate "2018.02.23"]
[SourceQuality "1"]

1. c4 e5 2. Nc3 Nf6 3. Nf3 Nc6 4. d4 e4 5. Ne5 Bb4 6. Nxc6 dxc6 7. Bg5 h6 8. Bxf6 Qxf6 9. e3 Qg6 10. Qb3 Be7 11. 0-0-0 Rb8 12. Qc2 Bg4 13. Rd2 Bb4 14. h3 Bd7 15. d5 0-0 16. a3 Bxc3 17. Qxc3 c5 18. Qe5 c6 19. g4 Rfe8 20. Qc7 Red8 21. Bg2 cxd5 22. Rxd5 Rbc8 23. Qa5 b6 24. Qd2 Rc7 25. Rd6 Qg5 26. Bxe4 Re8 27. Bf3 Be6 28. Be2 Qh4 29. f4 Bc8 30. Bf3 Qg3 31. Rd8 Bd7 32. Rxd7 Qxf3 33. Re1 Rxd7 34. Qxd7 Rxe3 35. Qc8+ Kh7 36. Qf5+ Kg8 37. Rd1 Re8 38. Rd3 Qf1+ 39. Kc2 g6 40. Qf6 Re2+ 41. Kb3 Rxb2+ 42. Kxb2 Qxd3 43. h4 Qxc4 44. g5 Qd4+ 45. Qxd4 cxd4 46. Kc2 hxg5 47. fxg5 f6 48. Kd3 Kf7 49. Kxd4 fxg5 50. hxg5 Ke6 0-1

[Event "Stockholm Scandic Ariadne"]
[Site "Stockholm"]
[Date "2016.11.05"]
[Round "6"]
[White "Evertsson, Lennart"]
[Black "Agrest, Inna"]
[Result "0-1"]
[WhiteElo "2168"]
[BlackElo "2254"]
[PlyCount "94"]
[EventDate "2016.11.04"]
[EventType "swiss"]
[EventRounds "8"]
[EventCountry "SWE"]
[SourceTitle "CBM 175 Extra"]
[Source "ChessBase"]
[SourceDate "2016.12.12"]
[SourceVersion "1"]
[SourceVersionDate "2016.12.12"]
[SourceQuality "1"]

1. c4 Nf6 2. Nf3 g6 3. Nc3 Bg7 4. d4 d6 5. g3 0-0 6. Bg2 Nbd7 7. 0-0 a6 8. Qc2 e5 9. Rd1 exd4 10. Nxd4 Re8 11. Bf4 Nh5 12. Be3 Ne5 13. Ne4 h6 14. h3 Nf6 15. Nd2 c5 16. N4b3 Rb8 17. Nf1 Qe7 18. g4 h5 19. g5 Nh7 20. Qc1 Be6 21. Na5 Qc7 22. f4 Qxa5 23. fxe5 Bxe5 24. Bf4 Qc7 25. Bxe5 dxe5 26. Qe3 Rbd8 27. Ng3 Rd4 28. b3 Red8 29. Rf1 Rf4 30. Ne4 b6 31. a4 a5 32. Qg3 Bf5 33. Nc3 Qd6 34. Rfd1 Rd4 35. Bd5 Qe7 36. e4 h4 37. Qg2 Be6 38. Re1 Rd3 39. Ne2 Bxh3 40. Qf2 Nxg5 41. Kh1 Be6 42. b4 Rf3 43. Qg2 Rh3+ 44. Kg1 Nf3+ 45. Kf1 Nxe1 46. Kxe1 cxb4 47. Kd2 b3 0-1

[Event "Hasselbacken op"]
[Site "Stockholm"]
[Date "2016.05.06"]
[Round "7"]
[White "Forsberg, Viktor"]
[Black "Evertsson, Lennart"]
[Result "1-0"]
[WhiteElo "2370"]
[BlackElo "2198"]
[PlyCount "79"]
[EventDate "2016.04.30"]
[EventType "swiss"]
[EventRounds "9"]
[EventCountry "SWE"]
[SourceTitle "CBM 172 Extra"]
[Source "ChessBase"]
[SourceDate "2016.06.21"]
[SourceVersion "1"]
[SourceVersionDate "2016.06.21"]
[SourceQuality "1"]

1. Nf3 d5 2. d4 Nf6 3. c4 c6 4. Qc2 e6 5. g3 Nbd7 6. Bg2 Bd6 7. 0-0 0-0 8. Nbd2 e5 9. dxe5 Nxe5 10. Nxe5 Bxe5 11. Nf3 Bc7 12. cxd5 Nxd5 13. Bg5 f6 14. Bd2 f5 15. e3 Qf6 16. b4 Bb6 17. a4 a6 18. Rab1 Be6 19. Ne1 Rad8 20. Nd3 Bf7 21. Nc5 Qe7 22. Rfc1 Bg6 23. Qc4 Bf7 24. Qe2 f4 25. e4 a5 26. Qe1 Nxb4 27. Bxb4 axb4 28. Qxb4 Bxc5 29. Rxc5 Ba2 30. Rbc1 Rd7 31. Qb2 Be6 32. gxf4 Rxf4 33. Qe5 Rf6 34. f4 Qd8 35. f5 Rd1+ 36. Bf1 Qd2 37. Rxd1 Qxd1 38. Rc3 b5 39. Rd3 Qg4+ 40. Rg3 1-0

[Event "Politiken Cup 36th"]
[Site "Helsingor"]
[Date "2014.07.28"]
[Round "9"]
[White "Rimer, Jan"]
[Black "Evertsson, Lennart"]
[Result "0-1"]
[WhiteElo "2039"]
[BlackElo "2196"]
[PlyCount "198"]
[EventDate "2014.07.21"]
[EventType "swiss"]
[EventRounds "10"]
[EventCountry "DEN"]
[SourceTitle "CBM 161 Extra"]
[Source "ChessBase"]
[SourceDate "2014.08.29"]
[SourceVersion "1"]
[SourceVersionDate "2014.08.29"]
[SourceQuality "1"]

1. d4 Nf6 2. c4 e6 3. Nf3 c5 4. e3 b6 5. Nc3 Bb7 6. d5 exd5 7. cxd5 d6 8. e4 Nbd7 9. Bd3 a6 10. a4 g6 11. Bf4 Qe7 12. 0-0 Bg7 13. e5 dxe5 14. Nxe5 Nxe5 15. Bxe5 0-0 16. Re1 Rfe8 17. Qd2 Qd7 18. Bc4 Qg4 19. Qd3 Rxe5 20. Rxe5 Qf4 21. Re2 Ng4 22. g3 Qh6 23. h4 Ne5 24. Rxe5 Bxe5 25. Re1 Qg7 26. f4 Bd4+ 27. Kh2 Qf6 28. Ne4 Qd8 29. b4 Kg7 30. bxc5 bxc5 31. Nc3 Qf6 32. Ne4 Qf5 33. Qb3 Bc8 34. Bf1 Bd7 35. Ng5 Qf6 36. Qb7 Rd8 37. Bxa6 h6 38. Ne4 Qf5 39. Bf1 Bc8 40. Qc6 Qxd5 41. Qxd5 Rxd5 42. Bc4 Rd7 43. Re2 Bb7 44. Nf2 Bf3 45. Ra2 Rb7 46. Bb5 Re7 47. Bf1 Bd5 48. Rd2 Re1 49. Bg2 Bb3 50. Bc6 Be3 51. Rb2 c4 52. Bd5 Ra1 53. Ne4 Rxa4 54. Nd6 Bc5 55. Nxf7 Bd4 56. Rxb3 cxb3 57. Bxb3 Ra3 58. Bd5 Bf2 59. h5 Bxg3+ 60. Kg2 Bxf4 61. hxg6 Kxg6 62. Nd8 Kf5 63. Ne6 Be5 64. Nd8 Rd3 65. Nc6 Bd6 66. Bf3 Rd2+ 67. Kf1 Kf4 68. Bh5 Ke3 69. Na5 Rf2+ 70. Kg1 Rf4 71. Kg2 Bc7 72. Nc6 Rc4 73. Ne7 Rc2+ 74. Kh3 Rd2 75. Bf7 Be5 76. Kg4 Rd7 77. Nf5+ Kf2 78. Bg6 Ra7 79. Nxh6 Bg7 80. Nf5 Bf6 81. Ng3 Bd4 82. Ne4+ Ke3 83. Kf5 Ra6 84. Kg5 Ra1 85. Kf5 Rf1+ 86. Kg5 Bb6 87. Bf5 Bd8+ 88. Kg6 Kf4 89. Nd6 Be7 90. Nc8 Bc5 91. Bh3 Rf3 92. Bd7 Ke5 93. Bg4 Rf6+ 94. Kg7 Rc6 95. Kf7 Rc7+ 96. Kg6 Bd4 97. Bh3 Kd5 98. Bf5 Rg7+ 99. Kh5 Ke5 0-1

[Event "Politiken Cup 36th"]
[Site "Helsingor"]
[Date "2014.07.27"]
[Round "8"]
[White "Evertsson, Lennart"]
[Black "Pallesen, Jacob"]
[Result "1/2-1/2"]
[WhiteElo "2196"]
[BlackElo "2031"]
[PlyCount "114"]
[EventDate "2014.07.21"]
[EventType "swiss"]
[EventRounds "10"]
[EventCountry "DEN"]
[SourceTitle "CBM 161 Extra"]
[Source "ChessBase"]
[SourceDate "2014.08.29"]
[SourceVersion "1"]
[SourceVersionDate "2014.08.29"]
[SourceQuality "1"]

1. c4 g6 2. Nc3 c5 3. Nf3 Bg7 4. e3 Nf6 5. d4 cxd4 6. exd4 d5 7. cxd5 Nxd5 8. Qb3 Nxc3 9. bxc3 0-0 10. Be2 Nc6 11. 0-0 b6 12. Bg5 Be6 13. Qa3 Qd6 14. Qc1 Bd5 15. Bf4 Qd7 16. Re1 Bxf3 17. Bxf3 Rac8 18. Qe3 e6 19. Rad1 Ne7 20. Qd3 Nd5 21. Bd2 Qa4 22. Be2 Rc7 23. c4 Nb4 24. Bxb4 Qxb4 25. Qb3 Qxb3 26. axb3 Rd8 27. d5 exd5 28. cxd5 Bc3 29. Rf1 Rc5 30. Bf3 Kf8 31. Rd3 Ke7 32. g4 h6 33. Be4 Kd6 34. Rh3 Re8 35. Bg2 Bd2 36. f4 Be3+ 37. Kh1 Rc1 38. Rhf3 Rxf1+ 39. Rxf1 Rc8 40. f5 Rc1 41. Rxc1 Bxc1 42. fxg6 fxg6 43. Be4 a5 44. Kg2 b5 45. Kf3 a4 46. bxa4 bxa4 47. Bc2 a3 48. Bb3 Kc5 49. h4 g5 50. h5 Bf4 51. Ke4 Kb4 52. Ba2 Kc3 53. d6 Bxd6 54. Kf5 Kd4 55. Kg6 Ke5 56. Kxh6 Kf4 57. Be6 a2 1/2-1/2

[Event "Politiken Cup 36th"]
[Site "Helsingor"]
[Date "2014.07.26"]
[Round "7"]
[White "Palm, Nikolaj"]
[Black "Evertsson, Lennart"]
[Result "1-0"]
[WhiteElo "2332"]
[BlackElo "2196"]
[PlyCount "67"]
[EventDate "2014.07.21"]
[EventType "swiss"]
[EventRounds "10"]
[EventCountry "DEN"]
[SourceTitle "CBM 161 Extra"]
[Source "ChessBase"]
[SourceDate "2014.08.29"]
[SourceVersion "1"]
[SourceVersionDate "2014.08.29"]
[SourceQuality "1"]

1. d4 e6 2. Nf3 c5 3. e3 Nf6 4. Bd3 b6 5. 0-0 Bb7 6. b3 Be7 7. Bb2 cxd4 8. exd4 0-0 9. Re1 Nc6 10. a3 Rc8 11. Nbd2 Qc7 12. Rc1 Qf4 13. Qe2 Rfe8 14. c4 d5 15. c5 e5 16. g3 Qh6 17. dxe5 Bxc5 18. b4 Bf8 19. Bf5 Rcd8 20. Qd3 Ne4 21. Nxe4 dxe4 22. Qxe4 g6 23. Qg4 Nxb4 24. e6 f6 25. Bxf6 Nd3 26. e7 Bxe7 27. Bxe7 Rxe7 28. Qc4+ Bd5 29. Qxd3 gxf5 30. Rxe7 Qxc1+ 31. Re1 Qc6 32. Qxf5 Bxf3 33. Qg5+ Kf7 34. Re7+ 1-0

[Event "Politiken Cup 36th"]
[Site "Helsingor"]
[Date "2014.07.25"]
[Round "6"]
[White "Evertsson, Lennart"]
[Black "Skovgaard, Ib"]
[Result "1-0"]
[WhiteElo "2196"]
[BlackElo "2019"]
[PlyCount "73"]
[EventDate "2014.07.21"]
[EventType "swiss"]
[EventRounds "10"]
[EventCountry "DEN"]
[SourceTitle "CBM 161 Extra"]
[Source "ChessBase"]
[SourceDate "2014.08.29"]
[SourceVersion "1"]
[SourceVersionDate "2014.08.29"]
[SourceQuality "1"]

1. d4 d5 2. c4 c6 3. Nc3 Nf6 4. Nf3 dxc4 5. a4 Bg4 6. e3 e6 7. Bxc4 Bb4 8. Qb3 c5 9. Ne5 Nc6 10. Nxg4 Nxg4 11. h3 Nf6 12. dxc5 Ne4 13. 0-0 Nxc5 14. Qc2 Rc8 15. Rd1 Qh4 16. Nb5 0-0 17. b3 a6 18. Nd4 Ne5 19. Bb2 Ne4 20. Rac1 Nxc4 21. bxc4 Rxc4 22. Qxc4 Qxf2+ 23. Kh1 Ng3+ 24. Kh2 Bd6 25. Nf3 Nf1+ 26. Kh1 Nxe3 27. Rd2 Qg3 28. Qh4 Qg6 29. Ne5 Bxe5 30. Bxe5 Nf5 31. Qf2 f6 32. Bd6 Rd8 33. Bc7 Rd5 34. Rxd5 exd5 35. Qb6 Qg5 36. Qe6+ Kf8 37. Re1 1-0

[Event "Stockholm op"]
[Site "Stockholm"]
[Date "2014.05.30"]
[Round "5"]
[White "Jansson, Gilbert"]
[Black "Evertsson, Lennart"]
[Result "0-1"]
[WhiteElo "1916"]
[BlackElo "2200"]
[PlyCount "90"]
[EventDate "2014.05.28"]
[EventType "swiss"]
[EventRounds "9"]
[EventCountry "SWE"]
[SourceTitle "CBM 160 Extra"]
[Source "ChessBase"]
[SourceDate "2014.07.01"]
[SourceVersion "1"]
[SourceVersionDate "2014.07.01"]
[SourceQuality "1"]

1. d4 Nf6 2. Nf3 e6 3. Bg5 c5 4. e3 Qb6 5. Nbd2 d5 6. dxc5 Bxc5 7. Bd3 Nc6 8. Nb3 Be7 9. c3 e5 10. Bc2 Be6 11. 0-0 h6 12. Bxf6 Bxf6 13. e4 0-0-0 14. exd5 Bxd5 15. Qe2 Rhe8 16. Bf5+ Kb8 17. c4 Bxf3 18. Qxf3 Nd4 19. Nxd4 Rxd4 20. Be4 Rxc4 21. Rad1 Re7 22. Qe2 Rec7 23. b3 Rd4 24. Rxd4 exd4 25. Bd3 Re7 26. Qc2 a6 27. Rc1 Qe6 28. Kf1 g6 29. Qc4 Qd7 30. h3 Re6 31. Re1 Rd6 32. Qb4 Bd8 33. a4 Bc7 34. Rc1 Qd8 35. Rd1 Qh4 36. Re1 Qd8 37. Be4 Rb6 38. Qc4 f5 39. Bd3 Qd6 40. Re8+ Ka7 41. Qg8 Rc6 42. Bc4 d3 43. Ra8+ Kb6 44. Qc8 d2 45. Rxa6+ Kc5 0-1

[Event "Stockholm op"]
[Site "Stockholm"]
[Date "2014.05.29"]
[Round "4"]
[White "Evertsson, Lennart"]
[Black "Cloodt, Henrik"]
[Result "1-0"]
[WhiteElo "2200"]
[BlackElo "1667"]
[PlyCount "117"]
[EventDate "2014.05.28"]
[EventType "swiss"]
[EventRounds "9"]
[EventCountry "SWE"]
[SourceTitle "CBM 160 Extra"]
[Source "ChessBase"]
[SourceDate "2014.07.01"]
[SourceVersion "1"]
[SourceVersionDate "2014.07.01"]
[SourceQuality "1"]

1. c4 Nf6 2. Nf3 g6 3. Nc3 Bg7 4. g3 d6 5. d4 0-0 6. Bg2 Nc6 7. 0-0 a6 8. e4 e5 9. dxe5 dxe5 10. Bg5 h6 11. Qxd8 Rxd8 12. Bxf6 Bxf6 13. Nd5 Bg7 14. Nxc7 Rb8 15. Nd5 Be6 16. Ne1 Bg4 17. f3 Be6 18. Nd3 b5 19. b3 f5 20. Nc5 Bc8 21. Rfd1 Kf7 22. Rac1 Nd4 23. Kf2 Bf8 24. cxb5 Rxb5 25. b4 a5 26. Bf1 Rb8 27. Bc4 Kg7 28. Nd3 axb4 29. Nxe5 Bc5 30. Kg2 fxe4 31. fxe4 Rf8 32. Nf4 g5 33. Nh5+ Kh7 34. Bf7 Bb6 35. Bg6+ Kg8 36. Rf1 Be6 37. Nf6+ Kg7 38. Nd5 Bxd5 39. exd5 Rbd8 40. Rxf8 Rxf8 41. Bd3 Re8 42. Nd7 Re3 43. Bf1 Bd8 44. Rc4 Re7 45. Nc5 Bb6 46. d6 Re5 47. Nd7 Rd5 48. Nxb6 Rxd6 49. Rxb4 Nc2 50. Nc4 Nxb4 51. Nxd6 Nxa2 52. Nf5+ Kg6 53. Bd3 Nb4 54. Be4 Nd5 55. Ne7+ Kf6 56. Nxd5+ Ke5 57. Kf3 g4+ 58. Ke3 h5 59. Nf4 1-0

[Event "Stockholm op"]
[Site "Stockholm"]
[Date "2014.05.29"]
[Round "3"]
[White "Evertsson, Lennart"]
[Black "Knoppel, Bjorn"]
[Result "0-1"]
[WhiteElo "2200"]
[BlackElo "1835"]
[PlyCount "82"]
[EventDate "2014.05.28"]
[EventType "swiss"]
[EventRounds "9"]
[EventCountry "SWE"]
[SourceTitle "CBM 160 Extra"]
[Source "ChessBase"]
[SourceDate "2014.07.01"]
[SourceVersion "1"]
[SourceVersionDate "2014.07.01"]
[SourceQuality "1"]

1. c4 b6 2. Nc3 e6 3. Nf3 Bb7 4. e4 c5 5. d3 Nc6 6. Be3 e5 7. Nd5 Nge7 8. g3 d6 9. Ng5 Nxd5 10. cxd5 Nd4 11. h4 h6 12. Nh3 Qf6 13. Bg2 Be7 14. Rc1 Bc8 15. b4 0-0 16. bxc5 bxc5 17. f4 Qg6 18. Ng5 hxg5 19. f5 Bxf5 20. h5 Qh6 21. exf5 Nxf5 22. Bf2 g4 23. Ke2 Rab8 24. Rb1 Bg5 25. Be4 Nd4+ 26. Bxd4 Rxb1 27. Qxb1 exd4 28. Rf1 Bd2 29. Kf2 f5 30. Kg2 fxe4 31. Rxf8+ Kxf8 32. Qb8+ Kf7 33. Qc7+ Kg8 34. Qc8+ Kh7 35. Qf5+ g6 36. Qd7+ Qg7 37. hxg6+ Kh6 38. Qxd6 exd3 39. Qxc5 Qf6 40. Qxa7 Kxg6 41. Qd7 Qf3+ 0-1

[Event "Stockholm op"]
[Site "Stockholm"]
[Date "2014.05.28"]
[Round "1"]
[White "Einar, Per"]
[Black "Evertsson, Lennart"]
[Result "0-1"]
[WhiteElo "1751"]
[BlackElo "2200"]
[PlyCount "92"]
[EventDate "2014.05.28"]
[EventType "swiss"]
[EventRounds "9"]
[EventCountry "SWE"]
[SourceTitle "CBM 160 Extra"]
[Source "ChessBase"]
[SourceDate "2014.07.01"]
[SourceVersion "1"]
[SourceVersionDate "2014.07.01"]
[SourceQuality "1"]

1. e4 c5 2. Nf3 e6 3. d4 cxd4 4. Nxd4 a6 5. Nc3 Qc7 6. a3 Nf6 7. Be3 b5 8. Be2 Bb7 9. Bf3 d6 10. 0-0 Nbd7 11. Nde2 Ne5 12. Ng3 Rd8 13. Bg5 Be7 14. Bxf6 Bxf6 15. Nh5 Nxf3+ 16. Qxf3 Be5 17. Qe3 g6 18. Ng3 Qc5 19. Qxc5 dxc5 20. Rad1 Ke7 21. f3 b4 22. axb4 cxb4 23. Na4 Bc6 24. b3 Bb5 25. Rfe1 Rc8 26. Ne2 Rxc2 27. Nd4 Rc7 28. Ne2 g5 29. g3 Rhc8 30. f4 Bxe2 31. Rxe2 Rc1 32. Red2 gxf4 33. Nb6 Rxd1+ 34. Rxd1 Rc2 35. gxf4 Bxf4 36. Rd7+ Kf6 37. Nc4 h5 38. Rb7 Bxh2+ 39. Kf1 Bf4 40. Rxb4 h4 41. e5+ Kg5 42. Nd6 f5 43. Nf7+ Kg4 44. Rc4 Rb2 45. Nh6+ Kf3 46. Rc3+ Be3 0-1

[Event "Stockholm op"]
[Site "Stockholm"]
[Date "2014.05.28"]
[Round "2"]
[White "Westerberg, Jonathan"]
[Black "Evertsson, Lennart"]
[Result "1-0"]
[WhiteElo "2393"]
[BlackElo "2200"]
[PlyCount "91"]
[EventDate "2014.05.28"]
[EventType "swiss"]
[EventRounds "9"]
[EventCountry "SWE"]
[SourceTitle "CBM 160 Extra"]
[Source "ChessBase"]
[SourceDate "2014.07.01"]
[SourceVersion "1"]
[SourceVersionDate "2014.07.01"]
[SourceQuality "1"]

1. e4 c5 2. Nf3 e6 3. c3 Qa5 4. Na3 d6 5. d4 cxd4 6. Nc4 Qd8 7. cxd4 Nf6 8. e5 dxe5 9. Ncxe5 Bb4+ 10. Bd2 Bxd2+ 11. Qxd2 0-0 12. Bc4 Na6 13. 0-0 Nc7 14. Rfe1 b6 15. Qf4 Qd6 16. Qh4 Ncd5 17. Bd3 h6 18. a3 Bb7 19. Nd2 Ne7 20. Ndc4 Qc7 21. Ne3 Rac8 22. Rad1 Rfd8 23. Bb1 Ned5 24. Nf1 Qe7 25. f4 Ne8 26. Qf2 Qf6 27. f5 exf5 28. Bxf5 Rc7 29. Ng4 Qd6 30. Re5 Nef6 31. Rde1 Bc6 32. Qg3 Kf8 33. Nf2 Ne7 34. Ne3 Ba4 35. Bb1 g6 36. Qf4 Neg8 37. d5 Nh5 38. Qd4 Bd7 39. Ne4 Qxe5 40. Qxe5 Rb7 41. g4 Bxg4 42. Nxg4 Re7 43. Qc3 f5 44. d6 Rg7 45. Nef6 fxg4 46. Nxh5 1-0